Sports at 2028 LA Summer Olympics - Statistics

General Stats
  • This quiz has been taken 943 times
    18 since last reset
  • The average score is 25 of 53
Answer Stats
Hint Answer % Correct
Ball Sports Football
94%
Racket Sports Tennis
88%
Ball Sports Basketball
81%
Target Sports Archery
75%
Racket Sports Badminton
75%
Combat Sports Boxing
75%
Combat Sports Freestyle wrestling
75%
Board Sports Surfing
75%
Strength Sports Weightlifting
69%
Ball Sports Baseball
63%
Combat Sports Judo
63%
Target Sports Shooting
63%
Board Sports Skateboarding
63%
Ball Sports Volleyball
63%
Cycling BMX {freestyle}
56%
Combat Sports Fencing
56%
Ball Sports Field hockey
56%
Racket Sports Squash
56%
Racket Sports Table tennis
56%
Multisports Athletics
50%
Aquatics {Marathon} swimming
50%
Ball Sports Softball
50%
Combat Sports Taekwondo
50%
Multisports Triathlon
50%
Aquatics Water polo
50%
Ball Sports Beach volleyball
44%
Water Sports Canoe {sprint}
44%
Ball Sports Flag football
44%
Ball Sports Golf
44%
Multisports Modern pentathlon
44%
Strength Sports Sport climbing
44%
Cycling Track cycling
44%
Aquatics Diving
38%
Equestrian Dressage
38%
Ball Sports Handball
38%
Ball Sports Rugby sevens
38%
Aquatics Swimming
38%
Aquatics {Artistic} swimming
31%
Cycling BMX {racing}
31%
Water Sports Canoe {slalom}
31%
Cycling Mountain biking
31%
Cycling Road cycling
31%
Water Sports Rowing
31%
Water Sports Sailing
31%
Gymnastics Trampoline gymnastics
31%
Gymnastics Artistic gymnastics
25%
Ball Sports Cricket
25%
Equestrian Jumping
25%
Ball Sports Lacrosse
25%
Gymnastics Rhythmic gymnastics
25%
Ball Sports 3x3 Basketball
19%
Combat Sports Greco-Roman wrestling
19%
Equestrian Eventing
13%
No matching quizzes found
Score Distribution
Percent of People with Each Score
Percentile by Number Answered
Your Score History
You have not taken this quiz since the last reset